000
00270nam a2200109Ia 4500
008
220204s9999 xx 000 0 und d
082
_a
338.43.01(540)
_b
MAT
245
0
_a
Rural development in India
260
_a
Delhi
_b
Agricole
_c
1981
700
_a
Mathew, T
942
_c
BK
999
_c
36610
_d
36610